| 000 | 00591nam a22002297a 4500 | ||
|---|---|---|---|
| 005 | 20160106055718.0 | ||
| 008 | 150519b xxu||||| |||| 00| 0 eng d | ||
| 020 | _a9780070311367 | ||
| 020 | _a0070311366 | ||
| 041 | 0 | _aeng | |
| 080 | _a658.62 | ||
| 100 | 1 | _aSchey, John | |
| 245 | 0 | 0 |
_aIntroduction to Manufacturing Processes / _cJohn A. Schey. |
| 250 | _a3rd ed. | ||
| 260 |
_aBoston : _bMcGraw-Hill, _cc2000. |
||
| 300 |
_axx, 962 f. : _bme il.; _c24 cm. |
||
| 500 | _aPreface: ix-xi | ||
| 505 | _aIndex: f. 937-962 | ||
| 650 | 0 | _aProdhim | |
| 650 | 0 | _aIndustria | |
| 942 |
_2udc _cBK |
||
| 999 |
_c821 _d821 |
||